000 00637nam a2200241 a 4500
999 _c4209
_d4209
001 4209
003 BD-JhCC
005 20171126092044.0
008 171123s1976 uk |||| |||| 000 0 eng d
035 _a(BD-JhCC)
040 _aBD-JhCC
_dBD-JhCC
041 _aeng
082 _a910.91732
_bSTA 1976
100 _aStanchfield, Jo M.
245 _aSkylines /
_cJo M. Stanchfild and Thomas G. Gunning
260 _aBoston :
_bHoughton Mifflin Company;
_c1976
300 _a264 p.;
_c26 cm
650 _aCities and towns
650 _aTravelogue
650 _aMind and body therapies
700 _aGunning, Thomas G.
942 _2ddc
_cBK